000 01000nam a22003617a 4500
001 BR9508230
003 BR-BrBNA
005 20230928094734.0
007 ta
008 230509b bl.||||| |||| 00| 0 por d
040 _aBR-BrBNA
_bpor
_cBiblioteca Nacional de Agricultura
041 _a(Por)
072 _aF30
_b0180
090 _ 0180 BR9508230
100 1 _aPhilipovsky, J.F.
100 1 _aBrunetta, D.
100 1 _aSilva, A.G. da
100 1 _aBassoi, M.C.
100 1 _aFranco, F. de A.
110 1 _aFundacao Instituto Agronomico do Parana, Curitiba (Brasil)
_94910
245 1 _aEnsaios de rendimento de cultivares de trigo, do IAPAR - Polo Regional de Ponta Grossa em 1980
260 3 _aCuritiba, PR (Brasil):
_c1980.
300 _a36 p.
500 _a36 tables
650 _aTrigo
650 _aVariedade
650 _aRendimento
650 _aSemeadura
650 _aAnalise do Solo
650 _aParana
909 _a202309
_bLucia
_c55
_dLucia Elande
942 _cBK
999 _c52370
_d52370